[Event "World Team-ch 2017"]
[Site "Khanty-Mansyisk"]
[Date "2017.06.25"]
[Round "8"]
[White "Dastan, Muhammed Batuhan"]
[Black "Farahat, Ali"]
[Result "1/2-1/2"]
[WhiteElo "2519"]
[BlackElo "2402"]
[Annotator "TA"]
[PlyCount "101"]
[EventDate "2017.??.??"]
[EventType "team-tourn"]
[EventCountry "RUS"]
[SourceTitle "playchess.com"]
[Source "ChessBase"]
[SourceQuality "1"]
[WhiteTeam "TUR"]
[BlackTeam "EGY"]
[WhiteTeamCountry "TUR"]
[BlackTeamCountry "EGY"]

{[%evp 26,101,0,0,62,67,68,66,89,77,70,40,47,50,21,29,13,32,46,10,31,0,77,0,47,40,237,237,209,186,214,203,175,160,206,0,0,0,0,0,0,0,0,0,0,0,0,0,0,0,0,0,0,0,0,0,0,0,0,0,0,0,0,0,0,0,0,0,0,-8,0,-8,-8,-8,-8,-8,-8,-8]} 1. e4 c5 2. Nf3 Nc6 3. d4 cxd4 4. Nxd4 Nf6 5. Nc3 e5 6. Ndb5 d6 7. Bg5 a6 8. Na3 b5 9. Nd5 Be7 10. Bxf6 Bxf6 11. c4 b4 {B33: Sicilian: Pelikan and Sveshnikov Variations} 12. Nc2 O-O 13. h4 Be6 14. g3 {[#] LiveBook: 27 Games} Qa5 $146 (14... a5 $11) ({Predecessor:} 14... a5 15. Bh3 a4 16. Qd3 b3 17. Nce3 bxa2 18. Rxa2 Qa5+ 19. Kf1 Bxd5 20. Nxd5 {1-0 (41) Nepomniachtchi,I (2740)-Hracek,Z (2591) Baku 2016}) 15. Nxf6+ $14 gxf6 16. b3 Rfe8 17. Qd2 Qc5 18. Bg2 a5 19. Qh6 a4 $1 {[%cal Ra4b3]} 20. O-O ({Inferior is} 20. Qxf6 axb3 21. axb3 Nd4 $17) 20... axb3 $1 21. axb3 Rxa1 22. Rxa1 Nd4 23. Nxd4 (23. Ne3 $5 {[%cal Rg2h3]}) 23... Qxd4 24. Re1 ({White should try} 24. Ra5 $1 $16) 24... Ra8 25. Qxf6 Ra1 $2 (25... Ra2 $14) 26. Rxa1 $18 Qxa1+ 27. Kh2 {Strongly threatening f4.} Qd1 {[#]} 28. f4 $1 {[%cal Rf4f5]} exf4 29. gxf4 Qxb3 {[#]} 30. f5 $2 (30. h5 $1 $18 {[%cal Rh5h6] White wants to mate with h6.} h6 31. Qxh6) 30... Bxc4 $11 {The position is equal.} 31. Qd8+ Kg7 {Threatens to win with ...f6.} 32. f6+ Kg6 {White must now prevent ...Qe3.} 33. Qg8+ Kxf6 {...Qe3 is the strong threat.} 34. Qg5+ $1 Ke6 {aiming for ...Qc2.} 35. Bh3+ {[#]} f5 $1 36. Qxf5+ (36. exf5+ Kf7) 36... Ke7 37. Qd7+ Kf8 {And now ...Qb2+ would win.} 38. Qxd6+ Kf7 39. Qf4+ Kg7 40. Qe5+ Kf7 41. Qc7+ Kf8 42. Qd6+ Kf7 43. Qc7+ Kf8 44. e5 Qb2+ 45. Bg2 Qd4 46. Qb8+ Kg7 47. Qxb4 Qxe5+ 48. Kg1 Qd4+ 49. Kh2 Qxh4+ 50. Kg1 Qd4+ 51. Kh2 {Precision: White = 73%, Black = 52%.} 1/2-1/2

[Event "World Team-ch 2017"]
[Site "Khanty-Mansyisk"]
[Date "2017.06.25"]
[Round "8"]
[White "Salomon, Johan"]
[Black "Yu, Yangyi"]
[Result "1/2-1/2"]
[WhiteElo "2501"]
[BlackElo "2749"]
[Annotator "TA"]
[PlyCount "98"]
[EventDate "2017.??.??"]
[EventType "team-tourn"]
[EventCountry "RUS"]
[SourceTitle "playchess.com"]
[Source "ChessBase"]
[SourceQuality "1"]
[WhiteTeam "NOR"]
[BlackTeam "CHN"]
[WhiteTeamCountry "NOR"]
[BlackTeamCountry "CHN"]

{[%evp 15,98,0,15,0,13,8,10,8,12,0,0,-27,0,0,36,38,32,30,37,37,42,0,0,0,4,0,0,0,0,-7,0,-8,-7,-25,0,-89,-86,-98,-84,-111,-20,-187,-40,-33,-8,-8,-8,-198,-40,-33,-48,-42,-33,-48,-35,-38,-51,-53,-48,-47,-38,-36,-8,-8,-16,-131,0,0,0,0,0,0,0,0,0,-8,0,0,0,0,0,0,0,-8,0]} 1. c4 e5 2. Nc3 Nf6 3. Nf3 Nc6 4. g3 Bb4 5. Bg2 O-O 6. O-O d6 7. Nd5 Bc5 8. e3 Bg4 {White must now prevent ...e4.} (8... Bb6 $5) 9. h3 {A29: English Opening: Four Knights Variation with 4 g3} Bh5 {[%cal Bg4h5,Bh5g6,Bg6e4][%mdl 32] Hoping for ...e4.} 10. g4 Bg6 11. d4 Bb6 $1 12. Nxb6 (12. Nxf6+ Qxf6 13. c5 dxc5 14. Nxe5 Rad8 15. Nxg6 hxg6 16. d5 Ne7 {½-½ (40) Kurnosov,I (2654)-Papp,G (2570) Legnica 2013}) 12... axb6 13. b3 Be4 $146 ({Predecessor:} 13... Nd7 14. Bb2 f5 15. dxe5 fxg4 16. hxg4 dxe5 {½-½ (43) Di Tolla,F (2126)-Guimaraes,M (2106) IECG email 2004}) 14. Bb2 {[%cal Rd4e5]} Re8 15. dxe5 dxe5 16. Qxd8 $1 Raxd8 17. Rfd1 Nd7 {[%cal Bf6d7,Bd7c5,Bc5d3][%mdl 32]} 18. Rd2 f6 19. Rad1 Nc5 20. Rxd8 Nxd8 21. Ne1 Bxg2 22. Kxg2 Nc6 {Threatening ...Ra8.} 23. Nc2 e4 24. Rd5 Nd3 25. Ba3 (25. Bc3 $11) 25... Nce5 $1 $17 26. Kg3 h5 27. gxh5 Kh7 (27... c5 $1 $17 28. Rd6 Nf3) 28. Rd4 $2 {[#]} (28. Bb4 $11) 28... f5 (28... Nf3 $1 $19 {[%cal Rf3d4]} 29. Rd5 c5) 29. Rd5 $15 c5 30. Rd6 Rf8 {With the idea ...f4+.} 31. Re6 $2 {[#]} (31. Rxb6 $11 {and White has nothing to worry.} f4+ 32. exf4 Rxf4 33. Ne1) 31... f4+ $2 (31... Rf6 $1 $19 {[%cal Rf6e6]} 32. Rxf6 gxf6) 32. exf4 Rxf4 33. Ne1 $1 {Threatens to win with Rxe5!} Rf5 34. Nxd3 Rf3+ 35. Kg2 Nxd3 36. Rxe4 Rxf2+ {[%mdl 4096] Endgame KRB-KRN} 37. Kg3 Rxa2 38. Re3 Rxa3 (38... Nf2 {looks sharper.} 39. Bc1 Rc2 40. Ba3 Nd1 41. Re7 Nc3) 39. Rxd3 {[#] KR-KR} b5 $1 {[%mdl 512]} 40. cxb5 (40. Rf3 $1 $11 {was the only way to keep the balance.}) 40... b6 (40... c4 $1 $17 {[%cal Rc4d3]} 41. Rd4 cxb3) 41. Rf3 $11 {The position is equal.} Ra5 42. Kg4 Rxb5 43. Re3 $1 Rb4+ 44. Kg5 Rd4 45. Re6 Rb4 46. Re3 Rb5 {...c4+ is the strong threat.} 47. Kg4 Kg8 48. Kg5 Kh7 {aiming for ...c4+.} 49. Kg4 Rb4+ {Precision: White = 42%, Black = 43%.} 1/2-1/2

[Event "World Team-ch 2017"]
[Site "Khanty-Mansyisk"]
[Date "2017.06.25"]
[Round "8"]
[White "Hauge, Lars Oskar"]
[Black "Li, Chao b"]
[Result "0-1"]
[WhiteElo "2448"]
[BlackElo "2720"]
[Annotator "TA"]
[PlyCount "96"]
[EventDate "2017.??.??"]
[EventType "team-tourn"]
[EventCountry "RUS"]
[SourceTitle "playchess.com"]
[Source "ChessBase"]
[SourceQuality "1"]
[WhiteTeam "NOR"]
[BlackTeam "CHN"]
[WhiteTeamCountry "NOR"]
[BlackTeamCountry "CHN"]

{[%evp 17,96,43,43,40,39,39,40,41,27,27,40,40,64,42,54,43,72,57,58,43,59,32,31,4,15,0,0,-20,0,0,0,0,0,0,11,0,2,0,14,0,0,-2,0,0,0,-15,0,-111,-93,-93,-95,-98,-92,-91,-85,-87,-80,-75,-80,-96,-87,-64,-17,-12,-12,-195,-192,-730,-730,-730,-730,-722,-672,-686,-176,-455,-460,-407,-394,-5192,-4910]} 1. e4 c5 2. Nf3 Nc6 3. d4 cxd4 4. Nxd4 e5 5. Nb5 a6 6. Nd6+ Bxd6 7. Qxd6 Qe7 8. Qd1 Nf6 9. Nc3 d6 10. Bg5 {B32: Sicilian: Löwenthal and Kalashnikov Variations} Be6 11. Nd5 Bxd5 $1 12. exd5 {White is slightly better.} Nb8 13. a4 h6 14. Be3 {[#]} a5 $146 ({Predecessor:} 14... O-O 15. a5 Nh7 16. Be2 f5 17. f4 Nd7 {0-1 (37) Robson,R (2628)-Wen,Y (2593) Ningbo 2013}) 15. Be2 Nbd7 16. c3 e4 17. Qd4 O-O 18. O-O Nc5 19. Ra3 Nfd7 20. Bb5 (20. b4 {keeps more tension.} Na6 21. Rb3 f5 22. Qd2 Qf7 23. Bf4) 20... f5 21. b4 Na6 22. Re1 Ne5 23. Bf4 Ng6 24. Bd2 Qf7 25. Raa1 Kh7 26. Kh1 axb4 27. cxb4 Nc7 {[%cal Ba6c7,Bc7e8,Be8f6,Bf6e4][%mdl 32]} 28. Bc4 Ne5 {[%cal Bg6e5,Be5g4,Bg4f2][%mdl 32]} 29. Bb3 Ne8 30. a5 Nf6 31. b5 Qh5 {Hoping for ...Nfg4.} 32. Re3 (32. Bd1 $1 $11 {keeps the balance.} Qh4 33. h3) 32... f4 33. Rxe4 Neg4 $1 {[%csl Gg4][%cal Rh5h2]} (33... Nxe4 $6 34. Qxe4+ Qg6 35. Bc2 $14) (33... Nf3 $6 34. gxf3 Qxf3+ 35. Kg1 $11) 34. Bxf4 {aiming for Re6.} Nxf2+ $1 35. Qxf2 Nxe4 36. Bc2 Rae8 {Strongly threatening ...g5.} (36... Qxd5 37. Qe3 $16) 37. Qf3 Qg6 38. a6 bxa6 39. bxa6 Ng3+ (39... Kg8 $5 {[%cal Rg6f6]} 40. Rc1 Qf6 41. Bxe4 Qxf4 42. Qxf4 Rxf4 $17) 40. hxg3 (40. Bxg3 Qxc2 41. Qg4 Qd3 $17) 40... Qxc2 41. Qg4 $2 (41. a7 $11 {and White stays safe.}) 41... Re2 $19 42. Qf3 $2 {[#]} (42. Bxd6 {leads to mate.} Rxg2 $3 {[%mdl 512]} 43. Qh3 Rff2 44. Qxg2 Rxg2 45. g4 Rxg4 46. Bg3 Rxg3 47. Ra2 Qd1+ 48. Kh2 Qg1#) (42. Rg1) 42... Rf2 $1 {[%cal Rf2f3]} 43. Qd1 Qe4 {[%csl Gf2][%cal Re4g2]} 44. Qb1 Rc2 {[%csl Gc2][%cal Re4g2]} 45. Qf1 {intending Qf3.} Qxd5 $2 $40 {[%mdl 128] Black goes for the king.} (45... Rf5 46. Rd1 g5) 46. a7 $2 {[#]} (46. Qf3 {is a better defense.} Qd4 47. Rd1) 46... Rf5 $1 {[%cal Rf5h5] ( -> ...Rh5+)} 47. Re1 (47. a8=Q {gets mated.} Rh5+ 48. Kg1 Qd4+ 49. Be3 Qxe3+ 50. Qf2 Qxf2#) 47... Ra2 ({Not} 47... Rh5+ 48. Kg1 $19) 48. Re7 $2 (48. Kh2) 48... Qd4 {Precision: White = 36%, Black = 65%.} 0-1

[Event "World Team-ch 2017"]
[Site "Khanty-Mansyisk"]
[Date "2017.06.25"]
[Round "8"]
[White "Abdelnabbi, Imed"]
[Black "Sanal, Vahap"]
[Result "0-1"]
[WhiteElo "2428"]
[BlackElo "2533"]
[Annotator "TA"]
[PlyCount "118"]
[EventDate "2017.??.??"]
[EventType "team-tourn"]
[EventCountry "RUS"]
[SourceTitle "playchess.com"]
[Source "ChessBase"]
[SourceQuality "1"]
[WhiteTeam "EGY"]
[BlackTeam "TUR"]
[WhiteTeamCountry "EGY"]
[BlackTeamCountry "TUR"]

{[%evp 15,118,-4,0,2,6,0,30,18,18,0,18,11,20,-10,20,18,19,0,0,0,14,0,0,0,0,5,4,-112,13,12,6,-8,4,8,13,9,14,0,0,0,31,0,25,0,41,4,45,6,11,0,0,0,6,0,0,0,0,-16,-7,-47,0,0,0,0,0,0,0,0,0,-123,-118,-163,-142,-246,-246,-246,-246,-246,-246,-246,-246,-231,-244,-221,-238,-227,-226,-202,-182,-163,-161,-616,-631,-604,-515,-989,-924,-1012,-853,-29991,-6494,-2774,-2725,-29994,-29995]} 1. e4 e5 2. Nf3 Nc6 3. Bb5 {[%cal Bf1b5,Bb5a4,Ba4b3][%mdl 32]} a6 4. Ba4 Nf6 5. d3 b5 6. Bb3 Bc5 7. c3 d6 8. Nbd2 {C77: Ruy Lopez: 3...a6 4 Ba4 Nf6, unusual lines} O-O {LiveBook: 5 Games} 9. Nf1 h6 10. Ng3 {The position is equal.} Re8 $146 ({Predecessor:} 10... Be6 11. O-O Bb6 12. h3 d5 13. Qe2 Re8 14. Rd1 a5 15. Be3 a4 {½-½ (41) Smikovski,I (2558)-Amonatov,F (2634) Serpukhov 2008}) 11. O-O Bb6 12. h3 Na5 13. Bc2 c5 14. Nh2 Nc6 15. Qf3 d5 16. Nf5 {Threatening Nxh6+!} Bxf5 17. Qxf5 dxe4 18. dxe4 c4 19. Rd1 Qe7 20. Nf1 Rad8 21. Be3 {[#]} (21. Bd2 $11) 21... Bc5 (21... Nd4 $1 $17 {[%cal Rd4f5][%mdl 512]} 22. cxd4 exd4) 22. Bxc5 Qxc5 23. Ne3 Ne7 24. Qf3 Rb8 25. Rd2 Red8 26. Rxd8+ Rxd8 27. Rd1 Rb8 28. b4 Qc6 29. Rd2 Re8 (29... a5 $5) 30. h4 (30. a4 $5) 30... h5 31. g3 (31. a4 $5) 31... g6 32. Rd1 (32. a4 $5) 32... Kg7 33. a4 Rb8 34. Ra1 Rd8 35. axb5 axb5 36. Ra7 Nc8 37. Ra1 Rd7 38. Nf1 Nd6 39. Nd2 Qb6 40. Nf1 Qc6 41. Nd2 Ng4 42. Nf1 (42. Kg2 $11 {keeps the balance.}) 42... f5 $1 $17 {[%cal Rf5e4]} 43. Ne3 Nf6 ({Resist} 43... Nxe4 44. Nxg4 hxg4 45. Bxe4 $15) ({But not} 43... fxe4 44. Qe2 $15) 44. Re1 (44. Nf1 $17 {was necessary.}) 44... Ndxe4 $19 45. Nxf5+ gxf5 46. Qxf5 {[%cal Rc2e4] [#]} Nd2 $1 {[%cal Rd2f3] Strongly threatening ...Nf3+.} ({Inferior is} 46... Nxc3 47. Rxe5 Ra7 48. Qg6+ Kf8 49. Qh6+ Kf7 50. Qg6+ Kf8 51. Qh6+ Kf7 52. Qg6+ Kf8 $11) 47. Qg6+ Kf8 48. Qh6+ Kf7 {...Nf3+ is the strong threat.} 49. Qg6+ Ke7 50. Rxe5+ Kd8 51. Rf5 Nf3+ 52. Kf1 Rd6 53. Qf7 $2 (53. Qh6 Re6 54. Qf8+ Kd7 55. Qf7+ Re7 56. Rxf6 Nd2+ 57. Kg1 Rxf7 58. Bf5+ Kc7 59. Rxf7+ Kb6 60. f4) 53... Nd2+ 54. Ke2 Nde4 55. Qf8+ (55. Kf1 $142 Nxc3 56. Qf8+ Ne8 57. f3) 55... Ne8 {White must now prevent ...Rd2+.} 56. Ke3 Re6 57. Kd4 Qb6+ (57... N4f6 $142 58. Bb1 {[#]} Re4+ $1 {[%mdl 512]} 59. Bxe4 Qxe4+ 60. Kc5 Qxf5+ 61. Kb6 Nd7+ 62. Ka6 Qxf8 63. Kxb5 Nd6+ 64. Kc6 Ke7 65. f4 Qa8+ 66. Kc7 Ne8#) 58. Rc5 Nxc5 59. bxc5 Qc7 {Precision: White = 41%, Black = 57%.} 0-1

[Event "World Team-ch 2017"]
[Site "Khanty-Mansyisk"]
[Date "2017.06.25"]
[Round "8"]
[White "Hesham, Abdelrahman"]
[Black "Solak, Dragan"]
[Result "1/2-1/2"]
[WhiteElo "2372"]
[BlackElo "2641"]
[Annotator "TA"]
[PlyCount "83"]
[EventDate "2017.??.??"]
[EventType "team-tourn"]
[EventCountry "RUS"]
[SourceTitle "playchess.com"]
[Source "ChessBase"]
[SourceQuality "1"]
[WhiteTeam "EGY"]
[BlackTeam "TUR"]
[WhiteTeamCountry "EGY"]
[BlackTeamCountry "TUR"]

{[%evp 20,83,40,29,35,24,64,56,67,70,57,43,49,42,38,25,50,54,58,43,66,54,65,73,64,48,52,54,118,43,56,48,57,60,57,58,79,82,74,66,58,68,58,24,27,-117,-122,-137,-31,-37,16,-65,-81,-85,0,0,0,0,0,0,0,0,0,0,0,0]} 1. d4 d6 2. Nf3 g6 3. g3 Bg7 4. Bg2 Nf6 5. O-O O-O 6. c4 Nbd7 7. Qc2 e5 8. Rd1 Re8 9. Nc3 c6 10. b3 a6 {E67: King's Indian: Fianchetto: 6...Nbd7} (10... exd4 11. Nxd4 Qe7 12. Bf4 Ne5 13. Qd2 Nfd7 14. Rac1 Nc5 15. h3 a5 16. Bh6 Bh8 17. Bg5 Qf8 18. Bh6 Qe7 19. Bg5 Qf8 20. Bh6 {½-½ (20) Edouard,R (2636)-Fressinet,L (2702) Cap d'Agde 2015}) 11. e4 {LiveBook: 5 Games} b5 12. Ba3 $146 ({Predecessor:} 12. cxb5 axb5 13. Bb2 Bb7 14. dxe5 dxe5 15. Ne1 Qb6 16. Qe2 Nc5 17. Nd3 Nfd7 18. Nxc5 Nxc5 {0-1 (44) Butuc,M (2182)-Huang,Q (2389) Moscow 2012}) 12... Bf8 {White has an edge.} 13. dxe5 $1 dxe5 14. Bxf8 Kxf8 15. cxb5 axb5 16. a4 Bb7 17. Ne1 b4 18. Nb1 Qe7 19. Nd2 Red8 20. Rac1 c5 21. Nc4 Kg7 22. f3 Ba6 23. Bf1 Nf8 (23... h5 $14) 24. Nb6 (24. Rxd8 $1 $16 Qxd8 25. Nd3) 24... Rxd1 25. Rxd1 Ra7 26. Bxa6 Rxa6 27. Nc4 Ra7 28. Qb2 N6d7 29. f4 f6 {Threatening ...exf4.} 30. f5 Nb8 $1 31. g4 Nc6 32. Rd6 (32. Nc2 $11 {keeps the balance.}) 32... Na5 $17 {aiming for ...Nxc4.} 33. Qd2 {[#]} Nxb3 ({Black should play} 33... Nxc4 $1 $17 34. bxc4 Qb7) 34. Qd5 $1 $15 {Strongly threatening g5!} Rd7 ({Not} 34... Rxa4 {[#]} 35. g5 $1 $16 {[%mdl 512]}) ({Black should try} 34... h6 $15) 35. g5 (35. Nd3 $11) 35... Rxd6 36. Nxd6 Nd4 (36... fxg5 $17 37. a5 Nxa5 38. fxg6 hxg6 39. Qxc5 Qe6 40. Qxb4 Nd7) 37. gxf6+ $11 {The position is equal.} Kxf6 38. Nd3 $36 {[%mdl 2048] Black is under pressure.} b3 39. Nc8 Qc7 {Threatens to win with ...c4.} 40. Nd6 Qe7 41. Nc8 Qc7 {...c4 is the strong threat.} 42. Nd6 {Precision: White = 52%, Black = 45%.} 1/2-1/2

[Event "World Team-ch 2017"]
[Site "Khanty-Mansyisk"]
[Date "2017.06.26"]
[Round "9"]
[White "Yu, Yangyi"]
[Black "Duda, Jan-Krzysztof"]
[Result "1/2-1/2"]
[WhiteElo "2749"]
[BlackElo "2697"]
[Annotator "TA"]
[PlyCount "60"]
[EventDate "2017.??.??"]
[EventType "team-tourn"]
[EventCountry "RUS"]
[SourceTitle "playchess.com"]
[Source "ChessBase"]
[SourceQuality "1"]
[WhiteTeam "CHN"]
[BlackTeam "POL"]
[WhiteTeamCountry "CHN"]
[BlackTeamCountry "POL"]

{[%evp 12,60,15,12,21,27,34,12,26,18,8,9,14,0,67,81,60,58,70,47,63,45,28,0,0,0,0,0,0,0,0,0,0,0,7,0,12,11,8,7,5,0,0,0,0,0,0,0,0,0,0]} 1. d4 d5 2. c4 c6 3. Nf3 Nf6 4. Nc3 dxc4 5. a4 e6 6. e3 {[%cal Be2e3,Be3e4,Be4e5][%mdl 32]} c5 7. Bxc4 Nc6 {D16: Slav Defence: 5 a4: Lines with 5...Bg4 and 5...Na6} (7... cxd4 8. exd4 Nc6 9. O-O Be7 10. Qe2 O-O 11. Rd1 Nb4 12. a5 Bd7 13. Ne5 Be8 14. Bg5 Nfd5 15. Bd2 a6 16. Nxd5 Nxd5 17. Bd3 {½-½ (51) Nakamura,H (2793)-Shankland,S (2666) Saint Louis 2017}) 8. O-O cxd4 9. Nxd4 Bd7 10. e4 Nxd4 11. Qxd4 {next e5 is good for White.} Bc6 12. Qe3 Be7 $146 (12... a6 $11) ({Predecessor:} 12... Qb6 13. Qe2 Be7 14. Bg5 Qc5 15. Be3 {½-½ (83) Gupta,A (2607)-Xu,X (2503) Dubai 2017}) 13. e5 $1 $14 {[%cal Re5f6]} Nd7 14. Qg3 $1 {[%cal Rg3g7]} g6 15. Rd1 a6 16. Bh6 Qa5 17. Bf1 (17. Rd4 {is more complex.} O-O-O 18. Be2 g5 19. Rc1 Rhg8 20. Nb5) 17... Bf8 {The position is equal.} 18. Bxf8 Kxf8 19. f4 Qb6+ 20. Qf2 Qxf2+ $1 21. Kxf2 Ke7 22. b4 Rhc8 23. Rac1 Nb6 24. a5 Nd7 25. Re1 $36 {[%mdl 2048] White fights for an advantage.} h6 26. Bd3 g5 27. f5 exf5 28. Bxf5 {e6 is the strong threat.} Rd8 29. Rcd1 Nf8 30. Ne2 Ne6 {Precision: White = 56%, Black = 84%.} 1/2-1/2

[Event "World Team-ch 2017"]
[Site "Khanty-Mansyisk"]
[Date "2017.06.26"]
[Round "9"]
[White "Nepomniachtchi, Ian"]
[Black "Shankland, Samuel L"]
[Result "1-0"]
[WhiteElo "2732"]
[BlackElo "2676"]
[Annotator "TA"]
[PlyCount "137"]
[EventDate "2017.??.??"]
[EventType "team-tourn"]
[EventCountry "RUS"]
[SourceTitle "playchess.com"]
[Source "ChessBase"]
[SourceQuality "1"]
[WhiteTeam "RUS"]
[BlackTeam "USA"]
[WhiteTeamCountry "RUS"]
[BlackTeamCountry "USA"]

{[%evp 9,137,-14,-28,-11,-8,-32,12,2,8,0,33,38,33,37,30,38,41,2,21,0,6,2,45,52,46,36,43,57,58,50,39,51,51,47,42,38,34,25,27,28,22,13,22,21,21,22,9,14,69,70,70,70,70,70,74,74,81,34,37,34,42,42,38,35,47,35,65,65,64,52,133,61,156,44,76,76,75,75,75,75,113,76,113,113,113,113,113,113,113,113,113,113,113,113,113,113,113,76,113,113,113,113,113,61,63,59,79,37,47,0,76,76,213,213,208,212,212,197,206,199,157,179,238,238,5788,86,5394,5057,4952,1278]} 1. e4 c6 2. d4 d5 3. e5 Bf5 4. g4 Be4 5. f3 Bg6 $1 {LiveBook: 32 Games} 6. e6 {B12: Caro-Kann: Advance Variation} (6. Ne2 e6 7. h4 h5 8. Ng3 Qb6 9. a4 a5 10. c3 c5 11. Na3 cxd4 12. cxd4 Bb4+ 13. Kf2 Nd7 {1-0 (50) Shirov,A (2705)-Parligras,M (2650) Porto Carras 2011}) 6... fxe6 7. h4 {[%cal Bh2h4,Bh4h5][%mdl 32]} Nd7 $146 (7... c5 $5) ({Predecessor:} 7... e5 8. dxe5 e6 9. h5 Bf7 10. Be3 c5 11. Bb5+ Nc6 12. Qd2 Qc7 13. Bf4 Nge7 {½-½ (22) Kranjec,T (2157)-Grabner,J (2184) ICCF email 2005}) 8. h5 {The position is equal.} Bf7 9. f4 e5 10. fxe5 e6 11. Nf3 c5 12. c3 Ne7 13. Bd3 Nc6 14. O-O Qb6 {[%cal Rc5d4]} 15. Kg2 Rc8 16. a3 cxd4 17. cxd4 Nxd4 18. Nxd4 Qxd4 19. Bg6 $1 {[%cal Rg6f7]} Qxd1 20. Bxf7+ Kd8 21. Rxd1 Ke7 22. Rf1 Rc2+ 23. Kh1 Nxe5 24. Bg5+ Kd7 25. Nc3 {Black must now prevent Rae1.} Nxg4 {aiming for ...Rh2+.} 26. Bxe6+ Kxe6 27. Rae1+ Kd6 {[#] And now ...Nf2+ would win.} 28. Rxf8 $1 {[%mdl 512]} Nf2+ ({Of course not} 28... Rh2+ $6 29. Kg1 $16) (28... Rxf8 $11 29. Be7+ Kd7 30. Bxf8 Nf2+ 31. Kh2 d4) (28... Rxf8 29. Be7+) 29. Rxf2 $1 $14 Rxf2 30. Nb5+ Kc6 31. Nxa7+ Kc7 32. Nb5+ Kb8 33. b4 {Hoping for Re7.} Rf5 34. Be7 Rxh5+ 35. Kg2 d4 36. Nxd4 Rd5 37. Bc5 Rhd8 38. Re4 h5 39. a4 g5 (39... Kc8 $14) 40. a5 ({White should try} 40. Bb6 $16) 40... g4 (40... Kc8 $14) 41. a6 ({Better is} 41. Bb6 $1 $16) 41... bxa6 42. Nc6+ Kc7 43. Nxd8 Kxd8 $16 {[%mdl 4096] Endgame KRB-KR} 44. Kg3 Rf5 45. Kh4 {Re2 is the strong threat.} Rd5 46. Re3 {Threatens to win with Ra3.} Kc7 47. Re7+ Kb8 48. Bb6 Rb5 49. Bc7+ (49. Ba5 {is interesting.} Rf5 50. Bd8 Kc8 51. Bb6 Rb5 52. Ba5) 49... Ka8 50. Ba5 Rf5 51. Re6 Kb7 52. Rg6 Ka7 53. Rb6 Rd5 54. Rf6 Kb7 55. Rf4 Ka7 56. Kg3 (56. Rf7+ $16 Kb8 57. Rh7) 56... Rd3+ $14 57. Kf2 Rd5 58. Ke3 Re5+ 59. Kf2 {Strongly threatening Rf7+.} Kb7 (59... Rd5 $1 $11) 60. Rf7+ Ka8 (60... Kc6 $16) 61. Rg7 $1 $18 Re4 {[#]} 62. Kg3 $1 Re5 {[#]} 63. Kf4 $1 {[%cal Rf4e5]} Rd5 64. Ke4 Rb5 65. Kd4 Rf5 (65... Kb8 $142 66. Ke4 Rb7) 66. Bb6 Rb5 $2 (66... h4 67. Rxg4 Rh5) 67. Rg8+ Kb7 68. Bc5 Kc7 69. Ke4 {Precision: White = 66%, Black = 50%.} (69. Rg7+ $142 Kc6 70. Rg6+ Kd7 71. Rxa6) 1-0

[Event "World Team-ch 2017"]
[Site "Khanty-Mansyisk"]
[Date "2017.06.26"]
[Round "9"]
[White "Wojtaszek, Radoslaw"]
[Black "Ding, Liren"]
[Result "1/2-1/2"]
[WhiteElo "2730"]
[BlackElo "2783"]
[Annotator "TA"]
[PlyCount "55"]
[EventDate "2017.??.??"]
[EventType "team-tourn"]
[EventCountry "RUS"]
[SourceTitle "playchess.com"]
[Source "ChessBase"]
[SourceQuality "1"]
[WhiteTeam "POL"]
[BlackTeam "CHN"]
[WhiteTeamCountry "POL"]
[BlackTeamCountry "CHN"]

{[%evp 26,55,30,14,10,10,26,14,4,8,10,0,7,0,3,0,5,6,6,0,0,4,4,0,0,0,0,4,6,2,2,0]} 1. d4 Nf6 2. c4 e6 3. Nf3 d5 4. Nc3 c6 5. e3 Nbd7 6. Qc2 Bd6 7. Bd3 O-O 8. O-O e5 9. cxd5 cxd5 10. Nb5 {D46: Semi-Slav: 5 e3 Nbd7 6 Bd3, Black avoids the Meran} Bb8 11. dxe5 Nxe5 12. Nxe5 Bxe5 13. Bd2 a6 14. Bc3 {LiveBook: 5 Games} Bxc3 15. Nxc3 d4 16. exd4 Qxd4 {The position is equal.} 17. Rad1 Qb6 {[#]} 18. Rd2 $146 ({Reject} 18. Nd5 Nxd5 19. Bxh7+ Kh8 $17) 18... Be6 19. h3 Rac8 20. Qa4 Rfd8 21. Rfd1 g6 22. Bf1 Rxd2 23. Rxd2 Kg7 24. Qd4 Qxd4 25. Rxd4 Rc7 26. f3 Ng8 27. Kf2 Ne7 28. Rd2 {Precision: White = 54%, Black = 97%.} 1/2-1/2